| 000 | 00683nam a2200169Ia 4500 | ||
|---|---|---|---|
| 001 | 6566 | ||
| 008 | 260622s9999 xx 000 0 und d | ||
| 245 | 4 |
_aThe Magic in Ancient Iraq in the light of Cuneiform sources/ _bالسحر في العراق القديم في ضوء المصادر المسمارية/ تأليف: د. رياض عبد الرحمن أمين الدوري |
|
| 260 |
_bالهيئة العامة للآثار و التراث، وزارة الثقافة، جمهورية العراق؛ _c2009 |
||
| 300 |
_a431p; _c24x17cm |
||
| 546 | _aArabic | ||
| 648 | _aAncient | ||
| 650 | _aCC1-960 Archaeology | ||
| 650 |
_aCuneiform _99413 |
||
| 651 | _aIraq | ||
| 942 | _cBK | ||
| 999 |
_c6566 _d6566 |
||